| 000 | 01057nam a22002177a 4500 | ||
|---|---|---|---|
| 003 | St Aloysius Coll | ||
| 005 | 20260418164809.0 | ||
| 008 | 260418b |||||||| |||| 00| 0 eng d | ||
| 020 | _a9788198858030 | ||
| 040 | _cAL | ||
| 041 | _aEnglish | ||
| 082 |
_a910.4 _bHANA |
||
| 100 |
_aBasil Hans V _9262200 |
||
| 245 |
_aAround the world in fifty days _b: the joy and perils of voyage |
||
| 260 |
_aGhaziabad _bP&P Academy _c2025 |
||
| 300 |
_av, 112p. _bPB _c21.5x14cm |
||
| 365 | _2General | ||
| 520 | _aAs the journey progresses, a tapestry of cultures, climates, and characters weaves together to create a vibrant mosaic of the world. Each stop along the way brings with it a distinct flavor, a unique story, and a fresh perspective, challenging the traveler to adapt and grow. from the bustling street markets of Marrakech to the serene fjords of Norway, the voyage is an exploration of both external environments and the internal landscapes of the soul. | ||
| 650 |
_2Geography and Travel _aHistory and Geograpgy _9262201 |
||
| 942 |
_2ddc _cBK |
||
| 999 |
_c241309 _d241309 |
||